| 000 | 00734cab a2200229 4500 | ||
|---|---|---|---|
| 001 | WB3415-23 | ||
| 008 | 090401t1998 xxu||||| |||| 00| 0 eng d | ||
| 035 | _a(Sirsi) u85742 | ||
| 041 | _aeng | ||
| 245 | _aFlood guidelines | ||
| 260 | _c1998 | ||
| 350 | _a0 | ||
| 490 |
_aTimes Weekend _v18 April 1998, 9(1) |
||
| 520 | _aGuidelines aimed at steering development from flood-prone areas have been issued by the DETRE. There is a higher risk of flooding due to, the rising water table and the increase of development in these areas. | ||
| 650 | _aFLOOD DAMAGE | ||
| 650 | _aFLOOD RISK AREAS | ||
| 650 | _aFLOOD | ||
| 650 | _aFLOODING | ||
| 690 | _aENVIRONMENTAL AND LAND CONSULTANCY | ||
| 942 | _n0 | ||
| 948 | _c22/04/1998 | ||
| 999 |
_c53939 _d53939 |
||